=LDR 00000nam 2200000 4500 =001 INLIS000000000055552 =005 20200611073628 =035 ##$$a 0010-0520000050 =007 ta =008 200611################g##########0#ind## =082 ##$$a 2x4.156 =084 ##$$a 2x4.156 RAB p =100 1#$$a Raba, Manggaukang =245 1#$$a Pancaran cahaya kota Rasul /$c H. Manggaukang Raba, Ahyar Anshory, HM =250 ##$$a cet.1 =260 ##$$a Mataram :$b Pustaka Puang Ponro,$c 2002 =300 ##$$a iv. 114 hlm., ; $c 14 x 20 cm =600 #4$$a Madinah - Kota Rasul =990 ##$$a 3200200818 =990 ##$$a 168. 371/Hd- 2002 =990 ##$$a 1201101651 =990 ##$$a 1201101651 =990 ##$$a 3200200818 =990 ##$$a 168. 371/Hd- 2002 =990 ##$$a 168. 371/Hd- 2002 =990 ##$$a 3200200818 =990 ##$$a 1201101651 =990 ##$$a 168. 371/Hd- 2002 =990 ##$$a 3200200818 =990 ##$$a 1201101651 =990 ##$$a 1201101651 =990 ##$$a 3200200818 =990 ##$$a 168. 371/Hd- 2002